Central Library OPAC University of Rajshahi

Philosophy and scientific realism / (Record no. 1160)

MARC details
000 -LEADER
fixed length control field 00859cam a22002771 4500
001 - CONTROL NUMBER
control field 1160
003 - CONTROL NUMBER IDENTIFIER
rucl marc code BD-RjUL
005 - DATE AND TIME OF LATEST TRANSACTION
control field 20211208233302.0
008 - FIXED-LENGTH DATA ELEMENTS--GENERAL INFORMATION
fixed length control field 131124r19711963nyu b 001 0 eng
035 ## - SYSTEM CONTROL NUMBER
System control number (BD-RjUL)1182
System control number (OCoLC)759693
040 ## - CATALOGING SOURCE
Original cataloging agency DLC
Transcribing agency CtFaU
Modifying agency OCoLC
-- ODaWU
-- DLC
-- BD-RjUL
Language of cataloging eng
041 ## - LANGUAGE CODE
Language code of text/sound track or separate title eng
082 ## - DEWEY DECIMAL CLASSIFICATION NUMBER
Classification number 108.1
Edition number 16
Author mark and year SMP 1971
100 1# - MAIN ENTRY--PERSONAL NAME
Personal name Smart, J. J. C.
Fuller form of name (John Jamieson Carswell),
Dates associated with a name 1920-2012.
9 (RLIN) 3433
245 10 - TITLE STATEMENT
Title Philosophy and scientific realism /
Statement of responsibility, etc. J. J. C. Smart
260 ## - PUBLICATION, DISTRIBUTION, ETC. (IMPRINT)
Place of publication, distribution, etc. New York :
Name of publisher, distributor, etc. Humanities Press;
Date of publication, distribution, etc. 1963 [impression 1971].
300 ## - PHYSICAL DESCRIPTION
Pagination viii, 160 p.
Size 23 cm.
504 ## - BIBLIOGRAPHY, ETC. NOTE
Bibliography, etc Bibliographical footnotes.
526 ## - STUDY PROGRAM INFORMATION NOTE
Requested Dept. Philosophy
650 #0 - SUBJECT ADDED ENTRY--TOPICAL TERM
Topical term or geographic name as entry element Philosophy.
9 (RLIN) 3435
942 ## - ADDED ENTRY ELEMENTS (KOHA)
Source of classification or shelving scheme Dewey Decimal Classification
Koha item type Books
Holdings
Lost status Source of classification or shelving scheme Damaged status Not for loan Collection code Permanent Location Current Location Shelving location Date acquired Source of acquisition Cost, normal purchase price Total Checkouts Full call number Date last seen Copy number Koha item type
  Dewey Decimal Classification   Not For Loan Non-fiction Central Library, University of Rajshahi Central Library, University of Rajshahi Reading Room 09/06/1975 Gonatha . com. 1.75   108.1 SMP 1971 24/11/2013 C-1 Books
  Dewey Decimal Classification     Non-fiction Central Library, University of Rajshahi Central Library, University of Rajshahi   09/06/1970 Gonatha . com. 1.75   108.1 SMP 1971 24/11/2013 C-2 Books